000 00756 a2200289 4500
260 _aParis
630 _a91 - Geographie. Exploration de la terre, des diverses regions, des divers pays. Voyages. Geographie regionale
650 _a9 - GEOGRAPHIE ET HISTOIRE
100 _a<Le>LANNOU, Maurice
260 _bSEDES
245 _aLes Régions géographiques de la France : la France méridionale
300 _a212 p .
650 _aGéographie de France
650 _aFrance
650 _aEurope
650 _aRégion
260 _c1967
300 _b24 cm
100 _lFr
037 _a6938
037 _a6513
250 _a3e éd. rev et corr.
044 _cFrance
020 _a
999 _c35388
_d35388